Geography Quiz

Random Geography or Math Quiz

Geography Math Quiz Stats

 Plays Quiz not verified by Sporcle

Challenge
Share
Tweet
Embed
Score 0/15 Timer 03:00
0 Plays Today
Question Answer % Correct
Countries of Antarctica x Worlds population (nearest billion)0
88.7%
South American countries ÷ Australian states2
76.5%
US States x Sides on Nepal's flag250
75.7%
European countries - Oceania countries33
73.9%
Canadian Provinces + 4 letter countries20
73%
EU members ÷ South African capitals9
72.2%
Countries bordering USA x Himalayan countries14
72.2%
Countries in the UK ÷ Major Japanese islands1
65.2%
Question Answer % Correct
Boroughs of New York City + Letters in Denmark's capital15
63.5%
North American countries + Great Lakes28
61.7%
Baltic countries - Countries ending in 'land/s'0
60.9%
African countries - Countries ending in 'stan'47
60%
Wonders of the world x Oceans35
55.7%
Stripes on US flag - Countries that border Russia-1
53%
Countries with an 'x' + Asian countries50
51.3%

You're not logged in!

Compare scores with friends on all Sporcle quizzes.
Join for Free
OR
Log In

You Might Also Like...

Show Comments

Extras

Created Dec 29, 2011ReportFavoriteNominate
Tags:Math Quiz

Top Quizzes Today


Score Distribution

Your Account Isn't Verified!

In order to create a playlist on Sporcle, you need to verify the email address you used during registration. Go to your Sporcle Settings to finish the process.

Report this User

Report this user for behavior that violates our Community Guidelines.

Details: